| 000 | 00000nam##2200000za#4500 |
| 001 | 9.633096 |
| 003 | CaOODSP |
| 005 | 20210624215147 |
| 007 | cr ||||||||||| |
| 008 | 150407|2005||||xxc|||||o f|0| 0 fre|d |
| 040 | |aCaOODSP|bfre |
| 043 | |an-cn--- |
| 086 | 1 |aE84-9/2005F-PDF |
| 110 | 1 |aCanada.|bCentre international des droits de la personne et du développement démocratique. |
| 245 | 13|aLa justice à huis clos : |h[ressource électronique]|bcomment l'arbitrage religieux compromet les droits des femmes au Canada et dans le monde |
| 260 | |aMontréal - Québec : |bCentre international des droits de la personne et du développement démocratique |c2005. |
| 300 | |a8p.|bréférences |
| 590 | |a06-10-Supp|b2006-12-15 |
| 691 | 07|aArbitrage|2gcpds |
| 691 | 07|aDroit de la famille|2gcpds |
| 691 | 07|aDroits de la personne|2gcpds |
| 691 | 07|aFemme|2gcpds |
| 691 | 07|aReligion|2gcpds |
| 775 | 08|tBehind closed doors : |w(CaOODSP)9.688677 |
| 856 | 40|ahttp://publications.gc.ca|qPDF|s1504 Ko|uhttps://publications.gc.ca/collections/Collection/E84-9-2005F.pdf |